000 00747cab a2200265 4500
001 ABS44395
008 090401t1991 xxu||||| |||| 00| 0 eng d
035 _a(Sirsi) u46883
041 _aeng
245 _aGloucs and Wilts
260 _c1991
350 _a0
490 _aEstates Times
_v(1091) 12 April 1991, 11-24 (13)
520 _aThis Estates Times survey examines the property markets in Swindon , Salisbury , Gloucester and Cheltenham .
650 _aCHIPPENHAM
650 _aDEVIZES
650 _aGLOUCESTERSHIRE
650 _aMARLBOROUGH
650 _aMELKSHAM
650 _aTEWKESBURY
650 _aWILTSHIRE
690 _aPROPERTY-COMMERCIAL PROPERTY-COMMERCIAL PROPERTY MARKET
942 _n0
948 _c04/03/1997
999 _c29590
_d29590